عرض عادي عرض مارك
  • Gelbukh, Alexander,

مدخل إسم شخص

عدد التسجيلات المستخدمة في: 1

001 - رقم الضبط

  • حقل الضبط: 3424

003 - معرف رقم الضبط

  • حقل الضبط: OSt

005 - تاريخ ووقت أخر عملية

  • حقل الضبط: 20110827113142.0

008 - عناصر بيانات ثابتة الطول

  • حقل تحكم ثابت الطول: 110827|||a|||||| | ||| d

040 ## - مصدر الفهرسة

  • هيئة الفهرسة الأصلية: OSt
  • وكالة الكتابة: OSt

100 ## - مدخل -- أسم شخص

  • إسم شخص: Gelbukh, Alexander,
  • تواريخ مرتبطة بالاسم: 1962-

670 ## - بيانات المصدر موجوده

  • الاستشهاد بالمصدر: Work cat.: (OSt)0: CICLing 2009 (10th : (2009 : Mexico City, Mexico) 3418, Computational linguistics and intelligent text processing, 2009.